Statistics for Merlin characters

Click here to take the quiz!

General Stats

  • This quiz has been taken 614 times
  • The average score is 11 of 15

Answer Stats

HintAnswer% Correct
Colin MorganMerlin
100%
Bradley JamesArthur
97%
Katie McGrathMorgana
95%
Anthony HeadUther
92%
Richard WilsonGaius
85%
Santiago CaberaLancelot
83%
Eoin MackenGwaine
76%
Tom HopperPercival
75%
Rupert YoungLeon
73%
Angel CoulbyGuinevere
69%
Alexander VlahosMordred
67%
Adetomiwa EdunElyan
62%
Emilia FoxMorgause
61%
Tom EllisCenred
39%
John LynchBalinor
23%

Score Distribution

Percentile by Number Answered

Percent of People with Each Score

Your Score History

You have not taken this quiz